000
00232nam a22000857a 4500
008
170603b xxu||||| |||| 00| 0 eng d
100
_9
3248
_a
Singh S.P
245
_a
The begin with learning ABC
260
_a
New Delhi
_b
Arya Publication
_c
1997
999
_c
6562
_d
6562